Sports Quiz

Random Sports Quiz

Mets 2015 starting lineup Quiz Stats

Quiz not verified by Sporcle

Challenge
Share
Tweet
Embed
Score 0/9 Timer 01:30
0 Plays Today
Hint Answer % Correct
Initials: CGCurtis Granderson
100%
Initials: DWDavid Wright
100%
Initials: LDLucas Duda
100%
Initials: MCMichael Cuddyer
92.9%
Initials: TdTravis d'arnaud
92.9%
Initials: WFWilmer Flores
92.9%
Initials: DMDaniel Murphy
89.3%
Initials: JLJuan Lagares
89.3%
Initials: BCBartolo Colon
89.3%

You're not logged in!

Compare scores with friends on all Sporcle quizzes.
Sign Up with Email
OR
Log In

Show Comments

Extras

Top Quizzes Today


Score Distribution

Your Account Isn't Verified!

In order to create a playlist on Sporcle, you need to verify the email address you used during registration. Go to your Sporcle Settings to finish the process.